Разделение изотопов германия в каскаде газовых центрифуг; Изотопы: технологии, материалы и применение

Dades bibliogràfiques
Parent link:Изотопы: технологии, материалы и применение.— 2020.— [С. 23-24]
Autor principal: Шинкевич Р. А.
Autor corporatiu: Национальный исследовательский Томский политехнический университет Инженерная школа ядерных технологий Отделение ядерно-топливного цикла
Altres autors: Орлов А. А. Алексей Алексеевич
Sumari:Заглавие с титульного экрана
Idioma:rus
Publicat: 2020
Col·lecció:Молекулярно-кинетические методы разделения изотопов
Matèries:
Accés en línia:http://earchive.tpu.ru/handle/11683/63996
Format: MixedMaterials Electrònic Capítol de llibre
KOHA link:https://koha.lib.tpu.ru/cgi-bin/koha/opac-detail.pl?biblionumber=632342

MARC

LEADER 00000naa2a2200000 4500
001 632342
005 20231219153433.0
035 |a (RuTPU)RU\TPU\conf\34050 
035 |a RU\TPU\conf\34044 
090 |a 632342 
100 |a 20201118d2020 k y0rusy50 ca 
101 0 |a rus 
102 |a RU 
105 |a y z 101zy 
135 |a drgn ---uucaa 
181 0 |a i  
182 0 |a b 
200 1 |a Разделение изотопов германия в каскаде газовых центрифуг  |f Р. А. Шинкевич, А. А. Орлов 
203 |a Текст  |c электронный 
225 1 |a Молекулярно-кинетические методы разделения изотопов 
300 |a Заглавие с титульного экрана 
320 |a Библиогр.: с. 24 (1 назв.)] 
463 0 |0 (RuTPU)RU\TPU\conf\34043  |t Изотопы: технологии, материалы и применение  |o сборник тезисов докладов VI Международной научной конференции молодых ученых, аспирантов и студентов, г. Томск, 26-29 октября 2020 г.  |f Национальный исследовательский Томский политехнический университет (ТПУ)  |v [С. 23-24]  |d 2020 
610 1 |a электронный ресурс 
610 1 |a труды учёных ТПУ 
610 1 |a разделение 
610 1 |a каскады 
610 1 |a газовые центрифуги 
610 1 |a численное моделирование 
610 1 |a изотопы германия 
610 1 |a нестационарные процессы 
700 1 |a Шинкевич  |b Р. А. 
701 1 |a Орлов  |b А. А.  |c физик  |c профессор Томского политехнического университета, доктор технических наук  |f 1962-  |g Алексей Алексеевич  |3 (RuTPU)RU\TPU\pers\25498  |9 11434 
712 0 2 |a Национальный исследовательский Томский политехнический университет  |b Инженерная школа ядерных технологий  |b Отделение ядерно-топливного цикла  |3 (RuTPU)RU\TPU\col\23554 
801 2 |a RU  |b 63413507  |c 20201209  |g RCR 
856 4 |u http://earchive.tpu.ru/handle/11683/63996 
942 |c BK